Guess the SHINee song - Statistics

General Stats
  • This quiz has been taken 152 times
  • The average score is 13 of 32
Answer Stats
Hint Answer % Correct
It's been 15 years and Noona's still pretty Replay
97%
Kpop's autotuned Rickroll, baebayyyyyy~ Ring Ding Dong
93%
SHINee's back baCK bACK BACK!!! Sherlock
91%
Yes it's "areumdaundaundaundaun" not "down"×4 View
91%
These loverholics robotronics slayed dance practices Lucifer
82%
Minho's sick of all our trash ig Don't Call Me
73%
Retro vibesss 1 Of 1
69%
I'm lowkey pissed at SM for not having Onew at the end of the MV Hard
53%
Their eye's on us and it's way too sensual Odd Eye
53%
Taemin, Minho and Han So-hee's tragic love triangle Tell Me What To Do
47%
Jonghyun's 16 seconds long high note slays Stranger
45%
Oh my my my *bodyrolls* Body Rhythm
41%
These 5 diamonds last forever Diamond Sky
41%
Just Shy-nee being cute boyfriend material Hello
41%
Delulu fangirls are gonna be jealous of the music Married To The Music
41%
Minho abs live- Dynamite
38%
Heart-wrenching and self-written for a well-remembered poet|artist Our Page
34%
Will she sing Jjong's serenade? Juliette
31%
I'm sorry but the first thing that comes to my mind is JongTae's live eyesex-- Excuse Me Miss
28%
These two vocalists shouldn't worry, we're not going anywhere Please Don't Go
28%
Ending the show since 2015 An Encore
27%
Though I extend my hand, I can't reach this Greek moon Selene 6.23
24%
Blindfolded like a criminal terminator ffs Evil
20%
Cameras off Good Evening
18%
So they want to feel again The Feeling
18%
They'll call you maybe Your Number
18%
Who's there knocking at SHINee's door? Nightmare
16%
The only medicine is SHINee Symptoms
15%
Let's go round and round to the melody of this whisper Orgel
5%
Cutely overprotective and this time there's "down down down down" Lock You Down
4%
Man won't wait for someone they can't feel Who Waits For Love
3%
Oh, can you hear Keyyy, baby can you see? I'm With You
2%
No matching quizzes found
Score Distribution
Percent of People with Each Score
Percentile by Number Answered
Your Score History
You have not taken this quiz